Оценка качества перевода и международные переводческие стандарты; Коммуникативные аспекты языка и культуры; Ч. 1

Bibliografske podrobnosti
Parent link:Коммуникативные аспекты языка и культуры: сборник материалов XIV Международной научно-практической конференции студентов и молодых ученых, г. Томск, 21-23 мая 2014 г./ Национальный исследовательский Томский политехнический университет (ТПУ), Институт международного образования и языковой коммуникации (ИМОЯК) ; под ред. С. А. Песоцкой.— , 2014
Ч. 1.— 2014.— [С. 194-200]
Glavni avtor: Хлусова А. И.
Corporate Authors: Национальный исследовательский Томский политехнический университет (ТПУ) Институт международного образования и языковой коммуникации (ИМОЯК) Кафедра лингвистики и переводоведения (ЛиП), Национальный исследовательский Томский политехнический университет (ТПУ) Институт развития стратегического партнерства и компетенций (ИСПК) Кафедра методики преподавания иностранных языков (МПИЯ)
Drugi avtorji: Максютина О. В. Ольга Викторовна
Izvleček:Заглавие с титульного экрана
Jezik:ruščina
Izdano: 2014
Serija:Теория и практика межкультурной коммуникации. Теория и практика перевода
Teme:
Online dostop:http://earchive.tpu.ru/handle/11683/21511
http://www.lib.tpu.ru/fulltext/c/2014/C77/V1/039.pdf
Format: Elektronski Book Chapter
KOHA link:https://koha.lib.tpu.ru/cgi-bin/koha/opac-detail.pl?biblionumber=609828

MARC

LEADER 00000naa2a2200000 4500
001 609828
005 20260326145149.0
035 |a (RuTPU)RU\TPU\conf\7362 
035 |a RU\TPU\conf\7342 
090 |a 609828 
100 |a 20141210d2014 k y0rusy50 ca 
101 0 |a rus 
102 |a RU 
135 |a drcn ---uucaa 
181 0 |a i  
182 0 |a b 
200 1 |a Оценка качества перевода и международные переводческие стандарты  |f А. И. Хлусова, О. В. Максютина 
203 |a Текст  |c электронный 
225 1 |a Теория и практика межкультурной коммуникации. Теория и практика перевода 
300 |a Заглавие с титульного экрана 
320 |a [Библиогр.: с. 199-200 (19 назв.)] 
337 |a Adobe Reader 
461 1 |0 (RuTPU)RU\TPU\conf\7313  |t Коммуникативные аспекты языка и культуры  |o сборник материалов XIV Международной научно-практической конференции студентов и молодых ученых, г. Томск, 21-23 мая 2014 г.  |o в 3 ч.  |f Национальный исследовательский Томский политехнический университет (ТПУ), Институт международного образования и языковой коммуникации (ИМОЯК) ; под ред. С. А. Песоцкой  |d 2014 
463 0 |0 (RuTPU)RU\TPU\conf\7314  |t Ч. 1  |v [С. 194-200]  |d 2014 
610 1 |a труды учёных ТПУ 
610 1 |a электронный ресурс 
610 1 |a международные стандарты 
610 1 |a лингвистика 
610 1 |a оценка качества 
610 1 |a переводы 
610 1 |a коммуникации 
700 1 |a Хлусова  |b А. И. 
701 1 |a Максютина  |b О. В.  |c лингвист  |c доцент Томского политехнического университета, кандидат педагогических наук  |f 1977-  |g Ольга Викторовна  |3 (RuTPU)RU\TPU\pers\32147 
712 0 2 |a Национальный исследовательский Томский политехнический университет (ТПУ)  |b Институт международного образования и языковой коммуникации (ИМОЯК)  |b Кафедра лингвистики и переводоведения (ЛиП)  |3 (RuTPU)RU\TPU\col\18972 
712 0 2 |a Национальный исследовательский Томский политехнический университет (ТПУ)  |b Институт развития стратегического партнерства и компетенций (ИСПК)  |b Кафедра методики преподавания иностранных языков (МПИЯ)  |3 (RuTPU)RU\TPU\col\18976 
801 2 |a RU  |b 63413507  |c 20210917  |g RCR 
856 4 |u http://earchive.tpu.ru/handle/11683/21511 
856 4 |u http://www.lib.tpu.ru/fulltext/c/2014/C77/V1/039.pdf 
942 |c BK